[Event "ESP-ch U12"]
[Site "Salobrena"]
[Date "2023.07.14"]
[Round "7"]
[White "Dea Ruiz, Jofre"]
[Black "Pons Sancho, Abel"]
[Result "1/2-1/2"]
[WhiteElo "1623"]
[BlackElo "1292"]
[PlyCount "61"]
[EventDate "2023.07.10"]
[EventType "swiss"]
[EventRounds "9"]
[EventCountry "ESP"]
[SourceTitle "EXT 2024"]
[Source "ChessBase"]
[SourceDate "2023.10.10"]
[SourceVersion "1"]
[SourceVersionDate "2023.10.10"]
[SourceQuality "1"]

1. d4 d5 2. c4 c6 3. cxd5 cxd5 4. Bf4 Nf6 5. e3 e6 6. Nf3 Bd6 7. Bxd6 Qxd6 8. Nbd2 Nc6 9. Rc1 Bd7 10. a3 0-0 11. Bd3 Rfc8 12. 0-0 Rc7 13. Nb1 Rac8 14. Qd2 Ne7 15. Ne5 Ne4 16. Bxe4 dxe4 17. Nxd7 Qxd7 18. Nc3 f5 19. Ne2 Rxc1 20. Rxc1 Rxc1+ 21. Qxc1 Qc6 22. Qxc6 Nxc6 23. b4 a6 24. Kf1 Kf7 25. Ke1 Ke7 26. Kd2 Kd6 27. Kc3 e5 28. g3 Ne7 29. Nc1 Nc6 30. Ne2 Ne7 31. Nc1 1/2-1/2

[Event "ESP-ch U12"]
[Site "Salobrena"]
[Date "2023.07.14"]
[Round "8"]
[White "Sanchez Villodres, Mario"]
[Black "Pons Sancho, Abel"]
[Result "0-1"]
[WhiteElo "1474"]
[BlackElo "1292"]
[PlyCount "58"]
[EventDate "2023.07.10"]
[EventType "swiss"]
[EventRounds "9"]
[EventCountry "ESP"]
[SourceTitle "EXT 2024"]
[Source "ChessBase"]
[SourceDate "2023.10.10"]
[SourceVersion "1"]
[SourceVersionDate "2023.10.10"]
[SourceQuality "1"]

1. d4 d5 2. c4 c6 3. cxd5 cxd5 4. Bf4 Nf6 5. e3 a6 6. Bd3 Nc6 7. Nc3 Bg4 8. Nge2 e6 9. 0-0 Bd6 10. Bxd6 Qxd6 11. f4 0-0 12. Qe1 Bf5 13. Bb1 Bxb1 14. Rxb1 Rfc8 15. Rf3 Rc7 16. Rh3 Nd7 17. Qh4 Nf8 18. Rf1 Ne7 19. Kh1 Rac8 20. a3 b5 21. b4 Rxc3 22. Nxc3 Rxc3 23. Ra1 Qc7 24. Qe1 Qc4 25. g4 Nc8 26. Rg3 Nd6 27. Rf3 Ne4 28. h4 Rc2 29. Rh3 Nf2+ 0-1

[Event "ESP-ch U10"]
[Site "Salobrena"]
[Date "2022.07.04"]
[Round "2"]
[White "Tallada Serret, Gerard"]
[Black "Pons Sancho, Abel"]
[Result "1/2-1/2"]
[WhiteElo "1764"]
[BlackElo "1201"]
[PlyCount "99"]
[EventDate "2022.07.04"]
[EventType "swiss"]
[EventRounds "9"]
[EventCountry "ESP"]
[SourceTitle "EXT 2023"]
[Source "ChessBase"]
[SourceDate "2022.10.05"]
[SourceVersion "1"]
[SourceVersionDate "2022.10.05"]
[SourceQuality "1"]

1. d4 d5 2. Bf4 Nf6 3. e3 e6 4. c3 c5 5. Nd2 Nc6 6. Ngf3 Bd6 7. Bg3 0-0 8. Bd3 Qe7 9. 0-0 e5 10. dxe5 Nxe5 11. Nxe5 Bxe5 12. Nf3 Bxg3 13. hxg3 Bg4 14. Qc2 Ne4 15. Nd2 Bf5 16. g4 Bg6 17. c4 Nxd2 18. Qxd2 Bxd3 19. Qxd3 dxc4 20. Qxc4 Rfd8 21. Rfd1 b6 22. Rac1 Rxd1+ 23. Rxd1 Rd8 24. Rxd8+ Qxd8 25. Qa4 Qe7 26. Qc6 h6 27. Qc8+ Kh7 28. Qf5+ Kg8 29. Qd5 Kh8 30. g3 g5 31. Kf1 Kg7 32. Ke2 Qf6 33. Qd2 Kf8 34. Qc3 Qxc3 35. bxc3 Ke7 36. Kd3 Kd6 37. c4 a6 38. a4 a5 39. f4 f6 40. e4 Ke6 41. Ke3 Kd6 42. e5+ fxe5 43. f5 Ke7 44. Kd3 Kd7 45. Ke3 Ke7 46. Ke4 Kd6 47. f6 Ke6 48. f7 Kxf7 49. Kxe5 Ke7 50. Ke4 1/2-1/2